Statistics for MLB Baseball Single Season ERA Record by Team

Click here to take the quiz!

General Stats

  • This quiz has been taken 84 times
  • The average score is 8 of 30

Answer Stats

TeamAnswerERAYear% Correct
Arizona DiamondbacksRandy Johnson2.322002
97%
Minnesota TwinsWalter Johnson1.141913
97%
Atlanta BravesGreg Maddux1.561994
89%
St. Louis CardinalsBob Gibson1.121968
77%
Houston AstrosNolan Ryan1.691981
70%
Seattle MarinersFelix Hernandez2.142014
64%
Miami MarlinsKevin Brown1.891996
45%
Chicago CubsMordecai Brown1.041906
45%
Tampa Bay RaysBlake Snell1.892018
42%
Philadelphia PhilliesPete Alexander1.221915
33%
Milwaukee BrewersCC Sabathia1.652008
28%
Kansas City RoyalsDan Quisenberry1.941983
17%
Boston Red SoxDutch Leonard0.961914
11%
Los Angeles AngelsBob Lee1.511964
9%
Cleveland IndiansAddie Joss1.161908
8%
Chicago White SoxEd Walsh1.271910
6%
Detroit TigersJohn Hiller1.441973
6%
Toronto Blue JaysMark Eichhorn1.721986
5%
Los Angeles DodgersRube Marquard1.581916
3%
Pittsburgh PiratesBabe Adams1.111909
2%
Baltimore OriolesBarney Pelty1.591906
2%
San Francisco GiantsFerdie Schupp0.901916
2%
New York MetsJesse Orosco1.471983
2%
Texas RangersJim Kern1.571979
2%
New York YankeesSpud Chandler1.641943
2%
Cincinnati RedsTed Abernathy1.271967
2%
Oakland AthleticsJack Coombs1.301910
0%
San Diego PadresLuis DeLeon2.031982
0%
Colorado RockiesMavin Freeman2.801994
0%
Washington NationalsMel Rojas1.431992
0%

Score Distribution

Percentile by Number Answered

Percent of People with Each Score

Your Score History

You have not taken this quiz